书目信息 |
| 题名: |
心灵的标符
|
|
| 作者: | 罗特斯坦 , Rothstein 著 ;李晓东 , 刘兵 译 | |
| 分册: | ||
| 出版信息: | 长春 吉林人民出版社 2005 |
|
| 页数: | 249页 | |
| 开本: | 20cm | |
| 丛书名: | 大美译丛 | |
| 单 册: | ||
| 中图分类: | J60-05 | |
| 科图分类: | ||
| 主题词: | 音乐--关系--数学 , 音乐 , 数学 | |
| 电子资源: | ||
| ISBN: | 7-206-03821-2 | |
| 000 | 01197oam2 2200361 45 | |
| 001 | 0120066002730 | |
| 005 | 20070106092031.40 | |
| 010 | @a7-206-03821-2@dCNY21.30 | |
| 092 | @aCN@b489635 | |
| 100 | @a20060405d2005 em y0chiy0120 ea | |
| 101 | 1 | @achi@ceng |
| 102 | @aCN@b220000 | |
| 105 | @ay z 001yy | |
| 200 | 1 | @a心灵的标符@9xin ling de biao fu@e音乐与数学的内在生命@f(美)爱德华·罗特斯坦(Edward Rothstein)著@g刘兵主编@Gliu bing zhu bian@g李晓东译 |
| 205 | @a2版 | |
| 210 | @a长春@c吉林人民出版社@d2005 | |
| 215 | @a249页@d20cm | |
| 225 | 2 | @a大美译丛 |
| 305 | @a据Randomw House 1995英文版译出 | |
| 330 | @a在这部书的优雅的探索中,音乐评论家爱德华·罗特斯坦在音乐和数学之间揭示了意义深远而迷人的相似。 | |
| 461 | 0 | @12001 @a大美译丛 |
| 510 | 1 | @aEmblems of Mind@zeng |
| 517 | 1 | @a音乐与数学的内在生命@9yin yue yu shu xue de nei zai sheng ming |
| 606 | 0 | @a音乐@x关系@x数学 |
| 606 | 0 | @a音乐 |
| 606 | 0 | @a数学 |
| 690 | @aJ60-05@v4 | |
| 701 | 1 | @a罗特斯坦@9luo te si tan@bE.@4著 |
| 701 | 1 | @aRothstein@bEdward@4著 |
| 702 | 0 | @a李晓东@9li xiao dong@4译 |
| 702 | 0 | @a刘兵@Aliu bing@4主编 |
| 801 | 0 | @aCN@bLZJBOOK@c20070106 |
| 905 | @a10447@dJ60-05@e398=2 | |
| 心灵的标符:音乐与数学的内在生命/(美)爱德华·罗特斯坦(Edward Rothstein)著/刘兵主编/李晓东译.-2版.-长春:吉林人民出版社,2005 |
| 249页;20cm.-(大美译丛) |
| ISBN 7-206-03821-2:CNY21.30 |
| 在这部书的优雅的探索中,音乐评论家爱德华·罗特斯坦在音乐和数学之间揭示了意义深远而迷人的相似。 |
| ● |
| 相关链接 |
|
|
|
|
正题名:心灵的标符
索取号:J60-05/398=2
 
预约/预借
| 序号 | 登录号 | 条形码 | 馆藏地/架位号 | 状态 | 备注 |
| 1 | 0557288 | 205572888 | 第一样本阅览室/ [索取号:J60-05/398=2] | 在馆 | |
| 2 | 0557289 | 205572897 | 第一借阅区/ [索取号:J60-05/398=2] | 在馆 | |
| 3 | 0557290 | 205572904 | 第一借阅区/ [索取号:J60-05/398=2] | 在馆 | |
| 4 | 0557291 | 205572913 | 第一借阅区/ [索取号:J60-05/398=2] | 在馆 | |
| 5 | 0557292 | 205572922 | 第一借阅区/ [索取号:J60-05/398=2] | 在馆 | |
| 6 | 0557293 | 205572931 | 第一借阅区/ [索取号:J60-05/398=2] | 在馆 | |
| 7 | 0557314 | 205573146 | 第一借阅区/ [索取号:J60-05/398=2] | 在馆 | |
| 8 | 0557315 | 205573155 | 第一借阅区/ [索取号:J60-05/398=2] | 在馆 |